• 首页
  • 本馆介绍
  • 公告通知
  • 最新文献
  • 馆藏检索
  • 电子资源
  • 读者导购
  • 参考咨询
  • 我的图书馆
  • 登录
  • 详细信息显示
  • 放入我的书架
  • 预约/预借图书
  • 作者相关作品
  • 分类相关作品
  • 丛书相关作品
  • 出版社相关作品

书目信息

  • 表格格式
  • 工作单格式
  • 卡片格式
书名: Medical sociology
作者: William C. Cockerham.
分册号:
分册名:
出版地: Englewood Cliffs, N.J. :
 
出版社: Prentice Hall
出版时间: c1995.
页数: xii, 383 p. :
开本: 25 cm.
丛书名:
中图分类号:
科图分类号:
其他分类号: R-05
主题词:
电子资源:
000 00973pam a2200277 a 450
001 E0754696234
005 20070506152229.54
008 940601s1995 njuab b 001 0 eng
010    @a94021970
020    @a0130633224 :@cUSD38.30.
035    @A(DLC) 94021970
040    @aDLC@cDLC@dDLC
050 00 @aRA418@b.C657 1995
082 00 @a362.1@2 20
090    @aR-05
099    @dR-05@ex40=6
100 1  @aCockerham, William C.
245 10 @aMedical sociology / @cWilliam C. Cockerham.
250    @a6th ed.
260    @aEnglewood Cliffs, N.J. :@bPrentice Hall,@cc1995.
300    @axii, 383 p. :@bill., map ;@c25 cm.
504    @aIncludes bibliographical references (p. 333-370) and indexes.
650  0 @aSocial medicine.
906    @a7@bcbc@corignew@d1@eocip@f19@gy-gencatlg
955    @apc03 to ja00 06-01-94; jc04 06-03-94; jc02 06-06-94; jc03 06-07-94; aa07 06-07-94; CIP ver. pv08 03-09-95
991    @bc-GenColl@hRA418@i.C657 1995@p00039439499@tCopy 1@wBOOKS
    
    Medical sociology / / William C. Cockerham.-6th ed.-Englewood Cliffs, N.J. : : Prentice Hall, , c1995.
    xii, 383 p. : : ill., map ; ; 25 cm.
    Includes bibliographical references (p. 333-370) and indexes.
    
    ISBN 0130633224 :USD38.30.
    
●
相关链接 在E读中查询图书 在五车中查询图书 在当当中查询图书 在豆瓣中查询图书


正题名:Medical sociology     索取号:R-05/x40=6         预约/预借

序号 登录号 条形码 馆藏地/架位号 状态 备注
1 0007327   300073275   第二样本阅览室/ [索取号:R-05/x40=6] 在馆    
2 0007328   300073284   第四借阅区/ [索取号:R-05/x40=6] 在馆    
3 0007329   300073293   第四借阅区/ [索取号:R-05/x40=6] 在馆    
4 0007330   300073300   密集书库/ [索取号:R-05/x40=6] 在馆    
5 0007331   300073319   密集书库/ [索取号:R-05/x40=6] 在馆    
唐山师范学院图书馆 欢迎您!
大连网信软件有限公司© 版权所有